| 000 | 00544nam a2200193 a 4500 | ||
|---|---|---|---|
| 001 | 3515 | ||
| 003 | CDMR | ||
| 005 | 20130510111203.0 | ||
| 008 | 130130s2005||||sp |||||||||||||||||cat|d | ||
| 020 | _a8493335169 | ||
| 040 |
_aCDMR _bcat _cCPC GIRONA |
||
| 100 | 1 |
_aPeralta, Miquel _92518 |
|
| 245 | 1 | 0 |
_aTeleinformatius _b: la transmissió televisiva de l'actualitat _cMiquel Peralta i Mas |
| 260 |
_c2005 _bTrípodos _aBarcelona |
||
| 300 | _a207 p. | ||
| 490 | 0 |
_aPapers d'estudi _v15 |
|
| 650 | 0 | 4 |
_93157 _aTelevisió _xNoticiaris |
| 942 |
_cMON _2udc |
||
| 999 |
_c3515 _d3515 |
||